Loading...

Industrial peace in our time

Bibliographic Details
Main Author: Somervell, Hubert
Format: Printed Book
Published: George Allen & Unwin Ltd., London 1950
Subjects:
LEADER 00493nam a2200193 4500
020
082 |a 338.6 SOM-I 
100 |a Somervell, Hubert 
245 |a Industrial peace in our time 
250
260 |a George Allen & Unwin Ltd., London  |c 1950 
300
490
500
590
650 |a Industrial economics 
942 |c BK 
999 |c 103924  |d 103924 
952 |0 0  |1 0  |4 0  |6 338_600000000000000_SOMI  |7 0  |9 117391  |a ECN  |b ECN  |l 0  |o 338.6 SOM-I  |p ECN00965  |r 2019-09-25  |w 2019-09-25  |y BK